| 000 | 00636nam a2200217Ia 4500 | ||
|---|---|---|---|
| 003 | GCL | ||
| 008 | 140319s9999 xx 000 0 ara d | ||
| 040 |
_aGCL / _cGCL |
||
| 082 | 0 | 4 |
_a150.1 _bع خ |
| 100 | 1 | _aعبدالمنعم المليجى | |
| 245 | 1 | 0 |
_aخبراء النفوس / _cعبدالمنعم المليجى |
| 260 |
_a[S.N] : _bمكتبة مصر ، _c1986 |
||
| 300 | _a128 ص | ||
| 490 |
_aفى علم النفس _v0 |
||
| 650 | 0 | 4 | _aالتربية |
| 650 | 0 | 4 | _aعلم النفس |
| 650 | 0 | 4 | _aالعلاج النفسى |
| 650 | 0 | 4 | _aالامراض النفسية |
| 650 | 0 | 4 | _aالاطباء |
| 942 |
_2ddc _cBK |
||
| 999 |
_c34547 _d34547 |
||